Money and capital markets : (Record no. 346492)
[ view plain ]
| 000 -LEADER | |
|---|---|
| fixed length control field | 00721 a2200193 4500 |
| 020 ## - INTERNATIONAL STANDARD BOOK NUMBER | |
| International Standard Book Number | 007115499X (paperback) |
| 020 ## - INTERNATIONAL STANDARD BOOK NUMBER | |
| International Standard Book Number | 9780071154994 (paperback) |
| 090 ## - LOCALLY ASSIGNED LC-TYPE CALL NUMBER (OCLC); LOCAL CALL NUMBER (RLIN) | |
| -- | 4033 |
| -- | 4033 |
| 100 1# - MAIN ENTRY--PERSONAL NAME | |
| Personal name | Rose, Peter. |
| 245 10 - TITLE STATEMENT | |
| Title | Money and capital markets : |
| Remainder of title | financial instruments in a global marketplace / |
| Statement of responsibility, etc. | Peter Rose. |
| 250 ## - EDITION STATEMENT | |
| Edition statement | Internat.2r.e. ed. |
| 260 ## - PUBLICATION, DISTRIBUTION, ETC. | |
| Place of publication, distribution, etc. | [S.l.] : |
| Name of publisher, distributor, etc. | McGraw-Hill Education (ISE Editions), |
| Date of publication, distribution, etc. | 1997. |
| 300 ## - PHYSICAL DESCRIPTION | |
| Extent | 733 p. |
| 490 1# - SERIES STATEMENT | |
| Series statement | Mcgraw-hill international editions: finance series. |
| 500 ## - GENERAL NOTE | |
| General note | Import. |
| 830 #0 - SERIES ADDED ENTRY--UNIFORM TITLE | |
| Uniform title | Mcgraw-hill international editions: finance series. |
| 856 40 - ELECTRONIC LOCATION AND ACCESS | |
| Materials specified | Amazon.com |
| Uniform Resource Identifier | <a href="http://www.amazon.com/exec/obidos/ASIN/007115499X/chopaconline-20">http://www.amazon.com/exec/obidos/ASIN/007115499X/chopaconline-20</a> |
| 942 ## - ADDED ENTRY ELEMENTS (KOHA) | |
| Institution code [OBSOLETE] | NBS |
| Koha item type | Book |
| Call number prefix | 332.0973 ROS |
| Withdrawn status | Lost status | Damaged status | Not for loan | Permanent Location | Current Location | Date acquired | Total Checkouts | Full call number | Barcode | Date last seen | Date last checked out | Price effective from | Koha item type |
|---|---|---|---|---|---|---|---|---|---|---|---|---|---|
| Central Library (CL) | Central Library (CL) | 08/28/2013 | 1 | 332.0973 ROS | NBS312 | 11/22/2017 | 07/25/2017 | 08/28/2013 | Book |
